[Event "Commonwealth-ch"]
[Site "New Delhi"]
[Date "2019.07.05"]
[Round "7"]
[White "Mahalakshmi, Muganda Kumar"]
[Black "Sanjeet, Manohar"]
[Result "1-0"]
[WhiteElo "2245"]
[BlackElo "1905"]
[PlyCount "73"]
[EventDate "2019.06.30"]
[EventType "swiss"]
[EventRounds "9"]
[EventCountry "IND"]
[SourceTitle "CBM 191 Extra"]
[Source "ChessBase"]
[SourceDate "2019.09.30"]
[SourceVersion "1"]
[SourceVersionDate "2019.09.30"]
[SourceQuality "1"]

1. d4 Nf6 2. c4 g6 3. Nc3 Bg7 4. e4 d6 5. Nf3 0-0 6. Be2 e5 7. Be3 Ng4 8. Bg5 Qe8 9. h3 Nf6 10. dxe5 dxe5 11. 0-0 Na6 12. Qc2 c6 13. Rad1 Nc7 14. Be3 Nd7 15. c5 Ne6 16. b4 a5 17. a3 Kh8 18. Na4 axb4 19. axb4 f5 20. exf5 gxf5 21. Bc4 e4 22. Nd4 Ne5 23. Nb6 Nxd4 24. Bxd4 Qg6 25. Bxe5 Bxe5 26. f4 exf3 27. Nxa8 Qg3 28. Rxf3 Qh2+ 29. Kf1 Re8 30. Qf2 Bb8 31. Qd4+ Be5 32. Qg1 Qxg1+ 33. Kxg1 f4 34. Rfd3 Bf6 35. Rd6 Bh4 36. Nc7 Rf8 37. Be6 1-0

[Event "Mumbai Wealth op 2nd"]
[Site "Mumbai"]
[Date "2016.12.28"]
[Round "3"]
[White "Sanjeet, Manohar"]
[Black "Gusain, Himal"]
[Result "0-1"]
[WhiteElo "1914"]
[BlackElo "2448"]
[PlyCount "110"]
[EventDate "2016.12.26"]
[EventType "swiss"]
[EventRounds "9"]
[EventCountry "IND"]
[SourceTitle "CBM 176 Extra"]
[Source "ChessBase"]
[SourceDate "2017.03.02"]
[SourceVersion "1"]
[SourceVersionDate "2017.03.02"]
[SourceQuality "1"]

1. e4 c5 2. Nf3 e6 3. d3 Nc6 4. g3 Nf6 5. Bg2 Be7 6. 0-0 d6 7. c3 0-0 8. Re1 Bd7 9. d4 cxd4 10. cxd4 d5 11. e5 Ne4 12. Nbd2 Nxd2 13. Bxd2 Qb6 14. Bc3 Rfc8 15. Qd2 Qd8 16. Bf1 b5 17. Qf4 Rab8 18. Bd3 h6 19. Rac1 Bb4 20. g4 Bxc3 21. Rxc3 Ne7 22. Rxc8 Rxc8 23. h4 Ng6 24. Qg3 Nf8 25. h5 Nh7 26. Bxh7+ Kxh7 27. g5 Qe7 28. Kh2 Rh8 29. g6+ Kg8 30. Rc1 Qd8 31. Nh4 Be8 32. gxf7+ Bxf7 33. Ng6 Kh7 34. Nxh8 Kxh8 35. Rg1 Qf8 36. Qf4 Qe7 37. Qg4 Bg8 38. Rg3 Bh7 39. Rc3 Bf5 40. Qg3 Kh7 41. Rc5 Qf7 42. Qh4 Be4 43. f4 Bf3 44. Kg3 Bxh5 45. Rc3 b4 46. Rc8 Be2 47. Qd8 Qg6+ 48. Kf2 Qg4 49. Ke3 Qf3+ 50. Kd2 Qd3+ 51. Ke1 Qe3 52. Qg8+ Kg6 53. Qe8+ Kf5 54. Qf7+ Ke4 55. Qg6+ Kxd4 0-1